Business demography of Slovakia in terms of legal form of business ownership

Právne formy vlastníctva podniku na Slovensku - prehľad. Vývoj počtu ekonomických subjektov v období 2000-2013. Vznik a zánik ekonomických subjektov v období 2000-2013.

Enregistré dans:
Détails bibliographiques
Auteur principal: Sivašová, Daniela, 1955-
Autres auteurs: Bolgáč, Ján, 1959-
Format: Chapitre de livre
Langue:anglais
Sujets:
Tags: Ajouter un tag
Pas de tags, Soyez le premier à ajouter un tag!

MARC

LEADER 00000naa$a2200000$$$4500
001 0227507
005 20240612121736.8
041 0 |a eng 
044 |a SK 
245 1 0 |a Business demography of Slovakia in terms of legal form of business ownership  |c Daniela Sivašová, Ján Bolgáč 
520 |a Právne formy vlastníctva podniku na Slovensku - prehľad. Vývoj počtu ekonomických subjektov v období 2000-2013. Vznik a zánik ekonomických subjektov v období 2000-2013. 
610 2 0 |a demografia ekonomická 
610 2 0 |a podnik 
610 2 0 |a štatistika demografická 
610 2 0 |a formy organizačno-právne 
610 2 0 |a vlastníci 
610 2 0 |a register obchodný 
610 2 0 |a cyklus podniku životný 
610 2 0 |a vývoj podniku 
610 2 0 |a zrušenie podniku 
100 1 |a Sivašová, Daniela, 1955- 
700 1 |a Bolgáč, Ján, 1959-